000 00393pab a2200133 454500
008 180718b xxu||||| |||| 00| 0 eng d
100 _aSingh, Samarendra K
245 _aPlanning for employment generating programme
650 _a Rural Development
650 _a Employment, Rural
650 _aEmployment Agencies, Government - India
773 _aJournal of Rural Development
909 _a22125
999 _c22125
_d22125